Statistics for 30 x 30 Multiplication Table in 12 Minutes

Click here to take the quiz!

General Stats

  • This quiz has been taken 3,222 times
  • The average score is 739 of 900

Answer Stats

#% Correct
1
100%
10
100%
11
100%
12
100%
18
100%
2
100%
3
100%
4
100%
5
100%
6
100%
7
100%
8
100%
9
100%
13
99%
14
99%
15
99%
16
99%
17
99%
19
99%
20
99%
21
99%
22
99%
23
99%
24
99%
25
99%
26
99%
27
99%
28
99%
29
99%
30
99%
33
98%
36
98%
39
98%
40
98%
44
98%
50
98%
60
98%
32
97%
34
97%
35
97%
38
97%
42
97%
45
97%
46
97%
48
97%
52
97%
54
97%
55
97%
56
97%
58
97%
66
97%
90
97%
100
96%
120
96%
51
96%
57
96%
63
96%
64
96%
65
96%
70
96%
78
96%
80
96%
88
96%
110
95%
140
95%
150
95%
180
95%
69
95%
72
95%
75
95%
81
95%
84
95%
105
94%
130
94%
210
94%
49
94%
68
94%
76
94%
77
94%
85
94%
87
94%
95
94%
96
94%
104
93%
108
93%
112
93%
115
93%
125
93%
135
93%
240
93%
270
93%
300
93%
92
93%
99
93%
132
92%
144
92%
145
92%
160
92%
200
92%
102
91%
116
91%
126
91%
220
91%
91
91%
98
91%
114
90%
156
90%
168
90%
170
90%
250
90%
260
90%
280
90%
330
90%
121
89%
154
89%
162
89%
190
89%
230
89%
290
89%
360
89%
119
88%
138
88%
165
88%
174
88%
175
88%
390
88%
420
88%
117
87%
176
87%
225
87%
128
86%
133
86%
136
86%
143
86%
147
86%
182
86%
189
86%
196
86%
198
86%
450
86%
161
85%
192
85%
480
85%
152
84%
153
84%
187
84%
203
84%
208
84%
216
84%
275
84%
540
84%
600
84%
171
83%
224
83%
232
83%
234
83%
252
83%
510
83%
184
82%
209
82%
231
82%
242
82%
243
82%
264
82%
400
82%
900
82%
195
81%
207
81%
253
81%
286
81%
570
81%
630
81%
169
80%
261
80%
297
80%
308
80%
320
80%
660
80%
720
80%
750
80%
319
79%
340
79%
690
79%
780
79%
204
78%
325
78%
350
78%
810
78%
840
78%
870
78%
380
77%
500
77%
228
76%
288
76%
312
76%
324
76%
336
76%
375
76%
276
75%
440
75%
348
74%
460
74%
520
74%
580
74%
255
73%
285
73%
315
73%
345
73%
405
73%
560
73%
221
72%
435
72%
247
71%
273
71%
299
70%
338
69%
364
69%
425
69%
238
68%
294
68%
351
67%
377
67%
256
66%
266
66%
378
66%
475
66%
525
65%
550
65%
322
64%
392
63%
406
63%
700
63%
352
61%
575
61%
625
61%
650
61%
272
60%
725
60%
304
59%
675
59%
289
56%
384
56%
416
56%
432
56%
306
55%
448
55%
464
55%
368
54%
374
54%
357
53%
323
51%
396
51%
342
50%
504
50%
408
49%
399
48%
361
47%
391
47%
418
47%
441
47%
414
46%
462
46%
493
46%
442
45%
456
45%
476
45%
484
45%
459
44%
468
44%
522
44%
486
43%
483
42%
546
42%
567
42%
609
42%
588
41%
437
40%
494
40%
528
40%
532
40%
551
40%
506
39%
513
39%
616
39%
572
38%
638
38%
594
37%
576
35%
529
34%
676
34%
696
34%
552
33%
624
32%
667
32%
672
32%
648
31%
841
31%
598
29%
621
29%
644
29%
728
29%
729
29%
754
29%
783
28%
784
28%
702
27%
756
27%
812
27%

Score Distribution

Percentile by Number Answered

Percent of People with Each Score

Your Score History

You have not taken this quiz